| 000 | 00379nam a22001697a 4500 | ||
|---|---|---|---|
| 003 | SGT | ||
| 020 | _a9781119391968 | ||
| 082 |
_a616.0757 _bM19W |
||
| 100 | _aWESTBROOK, CATHERINA | ||
| 245 | _aMRI IN PRACTICE | ||
| 250 | _a5TH | ||
| 260 |
_aUSA _bWILEY BLACK WELL PUB _c2019 |
||
| 300 | _a395 | ||
| 650 | _aRADIOLOGY | ||
| 653 | _aMRI IN PRACTICE | ||
| 942 |
_2ddc _cBK _0154 |
||
| 999 |
_c23926 _d23926 |
||